Music Quiz

Random Music or Album Quiz

Neutral Milk Hotel Songs Quiz Stats

 Plays Quiz not verified by Sporcle

Support Sporcle.
Go Orange.
Score 0/23 Timer 06:00
0 Plays Today
Album Song % Correct
In the Aeroplane Over the SeaKing of Carrot Flowers Pt. 1
89.3%
In the Aeroplane Over the SeaTwo-Headed Boy
89.3%
In the Aeroplane Over the SeaIn the Aeroplane Over the Sea
88.7%
In the Aeroplane Over the SeaHolland, 1945
86%
On Avery IslandSong Against Sex
84.7%
In the Aeroplane Over the SeaCommunist Daughter
83.3%
In the Aeroplane Over the SeaGhost
82%
In the Aeroplane Over the SeaOh Comely
81.3%
In the Aeroplane Over the SeaTwo-Headed Boy Pt. 2
80.7%
In the Aeroplane Over the SeaKing of Carrot Flowers Pt. 2 and 3
80%
In the Aeroplane Over the SeaUntitled
77.3%
In the Aeroplane Over the SeaThe Fool
76%
Album Song % Correct
On Avery IslandGardenhead/Leave Me Alone
64%
On Avery IslandNaomi
62%
On Avery IslandA Baby for Pree
61.3%
On Avery IslandApril 8th
54.7%
On Avery IslandAvery Island
50.7%
On Avery IslandWhere You'll Find Me Now
48.7%
On Avery IslandPree-Sisters Swallowing a Donkey's Eye
47.3%
On Avery IslandMarching Theme
44%
On Avery IslandThree Peaches
43.3%
On Avery IslandYou've Passed
41.3%
On Avery IslandSomeone is Waiting
38%

You're not logged in!

Compare scores with friends on all Sporcle quizzes.
OR
Log In

From the Vault

4-Letter Bible Book Match-Up

by Spacemaniac

These four-letter words are totally fine to say in church.
Remove Ads.
Support Sporcle.
Get the best of Sporcle when you Go Orange. This ad-free experience offers more features, more stats, and more fun while also helping to support Sporcle. Thank you for becoming a member.

Show Comments

Extras

Top Quizzes Today


Score Distribution

Your Account Isn't Verified!

In order to create a playlist on Sporcle, you need to verify the email address you used during registration. Go to your Sporcle Settings to finish the process.

Report this User

Report this user for behavior that violates our Community Guidelines.

Details: